[Event "Women's Speed Chess Q2"]
[Site "chess.com INT"]
[Date "2020.06.19"]
[Round "3"]
[White "Daulyte-Cornette, Deimante"]
[Black "Vijayalakshmi, Subbaraman"]
[Result "1/2-1/2"]
[WhiteTitle "IM"]
[BlackTitle "IM"]
[WhiteElo "2400"]
[BlackElo "2332"]
[WhiteFideId "12802859"]
[BlackFideId "5004098"]
[EventDate "2020.06.19"]

1. e4 e5 2. Bc4 Nf6 3. d3 Nc6 4. Nc3 Be7 5. f4 d6 6. Nf3 Na5 7. Bb3 Nxb3 8. axb3
exf4 9. Bxf4 O-O 10. O-O d5 11. Qe2 Be6 12. Kh1 Re8 13. Qf2 a6 14. exd5 Nxd5 15.
Nxd5 Bxd5 16. Qg3 c6 17. Be5 Bf6 18. Bxf6 Qxf6 19. c3 Re2 20. c4 Bxf3 21. Rxf3
Qxb2 22. Raf1 Re7 23. Qd6 Rae8 24. d4 Qe2 25. h3 Qe6 26. Qg3 h6 27. Qf2 Rd7 28.
Qh4 Qe7 29. Qf4 Qe6 30. Qd2 Qe2 31. Qf4 Qe4 32. Qg3 Qxd4 33. Rf4 Qd2 34. Kh2 Qe3
35. Qg4 Qe6 36. Qf3 Rde7 37. Qg3 Qe5 38. Kh1 Rd7 39. Qf3 Ree7 40. Rf5 Qe4 41.
Rxf7 Qxf3 42. R7xf3 Kh7 43. Rf8 Rd3 44. b4 Rd4 45. Rc1 Ree4 46. Rf7 Rxc4 47.
Rxc4 Rxc4 48. Rxb7 Kg6 49. Rb6 Kf6 50. Rxa6 Ke5 51. Rb6 Kd5 52. Kh2 Rc2 53. Rb7
g5 54. Kg3 Rc4 55. Kf3 Rf4+ 56. Ke3 Kc4 57. Rb6 Rf6 58. b5 Re6+ 59. Kf3 Rf6+ 60.
Kg3 Kd5 61. Rxc6 Rf1 62. Rxh6 Ke5 63. Rg6 Kf5 64. Rc6 Rb1 65. b6 Rb3+ 66. Kh2
Rb2 67. Rd6 Rb3 68. Rh6 Kf4 69. h4 gxh4 70. Rxh4+ Kg5 71. Rc4 Rxb6 72. Kh3 Rb3+
73. g3 Rb2 74. Rc5+ Kg6 75. Kh4 Rb4+ 76. g4 Rb1 77. Rc6+ Kg7 78. Kh5 Rb7 79. g5
Ra7 80. Rd6 1/2-1/2

[Event "Women's Speed Chess Q2"]
[Site "chess.com INT"]
[Date "2020.06.19"]
[Round "3"]
[White "Ni, Shiqun"]
[Black "Paehtz, Elisabeth"]
[Result "1-0"]
[WhiteTitle "WGM"]
[BlackTitle "IM"]
[WhiteElo "2389"]
[BlackElo "2473"]
[WhiteFideId "8608466"]
[BlackFideId "4641833"]
[EventDate "2020.06.19"]

1. d4 e6 2. c4 b6 3. Nc3 Bb4 4. Nf3 Bb7 5. Qc2 f5 6. a3 Bxc3+ 7. Qxc3 Nf6 8. e3
O-O 9. Be2 d6 10. O-O Nbd7 11. b4 Ne4 12. Qc2 c5 13. bxc5 dxc5 14. Bb2 Qe7 15.
Rfd1 Rac8 16. d5 e5 17. a4 a5 18. d6 Nxd6 19. Qd2 Rf6 20. Ra3 Kh8 21. Ba1 h6 22.
Rd3 Rc6 23. Rd5 Re6 24. Qb2 e4 25. Nh4 Qf8 26. Nxf5 Nxf5 27. Rxf5 Qe7 28. Bh5
Nf6 29. Bg6 Rcd6 30. Rb1 Qd7 31. g3 Qxa4 32. Re5 Qd7 33. Rxe6 Qxe6 34. Rc1 Ba6
35. Qc3 Qd7 36. h4 Rd3 37. Qe5 Rd6 38. Kg2 Bb7 39. Bf5 Qd8 40. Qf4 Bc6 41. Bg6
Qe7 42. Be5 Re6 43. Bb2 Rd6 44. Be5 Re6 45. Bc3 a4 46. Rd1 a3 47. g4 a2 48. g5
Nd7 49. Bf5 Rd6 50. Rxd6 1-0

[Event "Women's Speed Chess Q2"]
[Site "chess.com INT"]
[Date "2020.06.19"]
[Round "3"]
[White "Papp, Petra"]
[Black "Gevorgyan, Maria"]
[Result "1-0"]
[WhiteTitle "WGM"]
[BlackTitle "WGM"]
[WhiteElo "2338"]
[BlackElo "2228"]
[WhiteFideId "739049"]
[BlackFideId "13300270"]
[EventDate "2020.06.19"]

1. e4 c5 2. Nf3 Nc6 3. Nc3 g6 4. d4 cxd4 5. Nxd4 Bg7 6. Be3 Nf6 7. Bc4 O-O 8.
Bb3 Re8 9. f3 e6 10. f4 d5 11. e5 Nd7 12. Qd2 Nb6 13. O-O-O Na5 14. Qe2 Nac4 15.
g4 a5 16. h4 a4 17. Bxc4 Nxc4 18. Ndb5 Qa5 19. Bd4 Bd7 20. Nd6 Nxd6 21. exd6
Bxd4 22. Rxd4 a3 23. b4 Qb6 24. Qd2 Rac8 25. h5 Qc6 26. Nb1 Qxd6 27. hxg6 fxg6
28. f5 exf5 29. Rxd5 Qc6 30. Nxa3 Be6 31. Qh6 Qxd5 32. Qxh7+ Kf8 33. Qh8+ Ke7
34. Qg7+ Kd6 35. Rd1 Qxd1+ 36. Kxd1 fxg4 37. Qxg6 Rcd8 38. Kc1 Rg8 39. Qd3+ Ke7
40. Qe3 g3 41. Qc5+ Kf7 42. Nb5 g2 43. Qf2+ Ke8 44. Qg1 Bh3 45. Nc3 Rf8 46. Qe3+
Kd7 47. Ne2 Be6 48. Kb2 Rf1 49. Qd4+ Kc8 50. Qe5 Bd7 51. Qg3 Re8 52. Qxg2 Re1
53. Nd4 Bc6 54. Qg3 Rd1 55. Qg4+ Kc7 56. Qxd1 Rd8 57. Ne6+ 1-0

[Event "Women's Speed Chess Q2"]
[Site "chess.com INT"]
[Date "2020.06.19"]
[Round "3"]
[White "Schut, Lisa"]
[Black "Kantane, Anna"]
[Result "0-1"]
[WhiteTitle "WIM"]
[BlackTitle "WIM"]
[WhiteElo "2259"]
[BlackElo "2252"]
[WhiteFideId "1019481"]
[BlackFideId "1135988"]
[EventDate "2020.06.19"]

1. e4 e5 2. Nf3 Nc6 3. Bc4 Nf6 4. d4 exd4 5. e5 Ng4 6. O-O d6 7. exd6 Qxd6 8.
Re1+ Be7 9. Bg5 O-O 10. Bxe7 Nxe7 11. Qxd4 Nf5 12. Qxg4 Ne3 13. Qh4 Nxc2 14. Nc3
Nxa1 15. Ng5 Bf5 16. Rxa1 h6 17. Nge4 Qb6 18. Bb3 Rad8 19. Re1 Rfe8 20. Nd5 Qa5
21. Nef6+ Kh8 22. Rxe8+ Rxe8 23. h3 Qe1+ 24. Kh2 Rf8 25. Ng4 Bxg4 26. hxg4 Qe5+
27. g3 Qxb2 28. Kg2 c6 29. Nf4 Qd4 30. g5 Qe4+ 31. Kh2 Qd4 32. gxh6 Qxf2+ 33.
Ng2 Re8 34. hxg7+ Kxg7 35. Qg5+ Kf8 36. Qh6+ Kg8 37. Qg5+ Kf8 38. Qh6+ Kg8 39.
Bc4 Re6 40. Bxe6 fxe6 41. Qxe6+ Kf8 42. Qd6+ Ke8 43. Qf4 Qxa2 44. Kh3 Qe6+ 45.
g4 Qb3+ 46. Ne3 a5 47. g5 a4 48. g6 Qg8 49. Qe4+ Kd8 50. Kg4 a3 51. Qd3+ Kc8 52.
Kg5 a2 53. Qa3 Qd8+ 54. Kh6 Qh8+ 55. Kg5 Qd8+ 56. Kg4 Qh8 57. Nf5 Qf6 58. g7
a1=Q 59. Kf4 Qae5+ 60. Kg4 Qexf5+ 61. Kg3 Q6g6+ 62. Kh4 Qfh5# 0-1

[Event "Women's Speed Chess Q2"]
[Site "chess.com INT"]
[Date "2020.06.19"]
[Round "3"]
[White "Belenkaya, Dina"]
[Black "Sargsyan, Anna M."]
[Result "0-1"]
[WhiteTitle "WGM"]
[BlackTitle "WGM"]
[WhiteElo "2297"]
[BlackElo "2405"]
[WhiteFideId "24142654"]
[BlackFideId "13308130"]
[EventDate "2020.06.19"]

1. e4 c6 2. d4 d5 3. Nc3 dxe4 4. Nxe4 Bf5 5. Ng3 Bg6 6. h4 h6 7. Nf3 e6 8. Bd3
Bxd3 9. Qxd3 Nf6 10. Bd2 c5 11. O-O-O Nc6 12. Be3 Qa5 13. dxc5 Qxa2 14. Qa3 Qxa3
15. bxa3 Nd5 16. Ne4 O-O-O 17. Nd6+ Bxd6 18. cxd6 b5 19. Bc5 Kb7 20. Nd4 a6 21.
Nb3 a5 22. Rh3 a4 23. Nd4 Nxd4 24. Rxd4 Kc6 25. Bb4 Rd7 26. c4 bxc4 27. Rxc4+
Kb5 28. Rc5+ Kb6 29. Rd3 Rxd6 30. Ra5 Rc6+ 31. Kb2 Rhc8 32. Rd2 Kb7 33. Rxa4 Nb6
34. Ra5 Nc4+ 35. Kb3 Nxd2+ 36. Bxd2 Rd8 37. Be3 Rd3+ 38. Kb4 Kc8 39. Ra8+ Kd7
40. Ra7+ Rc7 41. Ra8 Rd5 42. Rg8 g6 43. Bxh6 Rd4+ 44. Kb3 Rxh4 45. Bg5 Rg4 46.
f4 Rxg2 47. Rd8+ Kc6 48. Rd3 Rf2 49. Bd8 Rd7 50. Rc3+ Kb7 51. Bg5 Rfd2 52. Rc5
R2d3+ 53. Kb2 R3d5 54. Kb3 Rxc5 55. a4 Rxg5 56. fxg5 Ka6 57. Kc4 Rd5 58. Kc3
Rxg5 59. Kd4 Rd5+ 60. Ke4 Ka5 0-1

[Event "Women's Speed Chess Q2"]
[Site "chess.com INT"]
[Date "2020.06.19"]
[Round "3"]
[White "Tsotsonava, Elene"]
[Black "Maklakova, Nellija"]
[Result "1-0"]
[WhiteTitle "WFM"]
[WhiteElo "2012"]
[BlackElo "1833"]
[WhiteFideId "13615939"]
[BlackFideId "11603470"]
[EventDate "2020.06.19"]

1. e4 e6 2. d4 d5 3. Nd2 Nf6 4. e5 Nfd7 5. Bd3 c5 6. c3 Nc6 7. Ne2 Qb6 8. Nf3 f6
9. exf6 Nxf6 10. O-O Bd6 11. Bf4 Bxf4 12. Nxf4 O-O 13. Re1 Nd8 14. Qc2 c4 15.
Bf1 Ne4 16. Rxe4 dxe4 17. Qxe4 Qd6 18. Ng5 Rxf4 19. Qxh7+ Kf8 20. Qh8+ Ke7 21.
Qxg7+ Nf7 22. g3 Rf5 23. Ne4 Qd8 24. Bh3 Qf8 25. Qh7 Rb5 26. Qh4+ Ke8 27. Nf6+
Ke7 28. Nh7+ Ke8 29. Nxf8 Kxf8 30. Re1 Rxb2 31. Bxe6 Bxe6 32. Rxe6 Rb1+ 33. Kg2
Re8 34. Rf6 Ree1 35. Qf4 Re7 36. Qb8+ Re8 37. Qf4 Re7 38. Qf5 Re8 39. Qxb1 Re7
40. Rxf7+ Kxf7 41. Qh7+ Ke8 42. Qxe7+ Kxe7 43. Kf3 Kf6 44. Ke4 Ke6 45. d5+ Kd6
46. Kd4 b5 47. h4 a5 48. h5 Ke7 49. h6 b4 50. cxb4 c3 51. Kxc3 1-0

[Event "Women's Speed Chess Q2"]
[Site "chess.com INT"]
[Date "2020.06.19"]
[Round "3"]
[White "Soumya, Swaminathan"]
[Black "Zavivaeva, Emilia"]
[Result "1-0"]
[WhiteTitle "IM"]
[BlackTitle "WCM"]
[WhiteElo "2351"]
[BlackElo "1735"]
[WhiteFideId "5016193"]
[BlackFideId "34127531"]
[EventDate "2020.06.19"]

1. Nf3 Nf6 2. c4 e6 3. g3 b6 4. Bg2 Bb7 5. O-O Be7 6. b3 O-O 7. Bb2 d6 8. d4 c5
9. d5 exd5 10. Nh4 Qc7 11. cxd5 Re8 12. Nf5 Nbd7 13. e4 Bf8 14. Nd2 g6 15. Ne3
Bg7 16. Qc2 Ne5 17. h3 h5 18. f4 Ned7 19. Rae1 Re7 20. Ndc4 b5 21. Nxd6 Qxd6 22.
e5 Qb6 23. d6 Re6 24. exf6 Bxf6 25. Bxf6 Nxf6 26. Bxb7 Qxb7 27. Qxc5 Rc8 28. Qd4
Rd8 29. Rd1 Qe4 30. Qxe4 Nxe4 31. Kg2 Nc3 32. Rd3 Rdxd6 33. Rxc3 Rd2+ 34. Rf2
Rd8 35. Rc5 Rxe3 36. Rxb5 Rd7 37. f5 Kg7 38. f6+ Kh7 39. g4 h4 40. g5 Rg3+ 41.
Kh2 Rxg5 42. Rxg5 Rd3 43. Rg4 Kg8 44. Rxh4 Kf8 45. Rc4 Ke8 46. b4 Kd7 47. Rfc2
Ke6 48. Rc6+ Kf5 49. Rf2+ Ke5 50. Rc5+ Ke6 51. Re2+ Kxf6 52. b5 Ra3 53. Rc6+ Kg7
54. Rf2 1-0

[Event "Women's Speed Chess Q2"]
[Site "chess.com INT"]
[Date "2020.06.19"]
[Round "3"]
[White "Munkhzul, Davaakhuu"]
[Black "Shuqja, Klean"]
[Result "0-1"]
[WhiteTitle "WFM"]
[BlackTitle "WCM"]
[WhiteElo "1991"]
[BlackElo "1838"]
[WhiteFideId "4902815"]
[BlackFideId "4701585"]
[EventDate "2020.06.19"]

1. e4 e6 2. d4 d5 3. Nd2 dxe4 4. Nxe4 Nd7 5. Nf3 Ngf6 6. Bd3 Nxe4 7. Bxe4 Nf6 8.
Bd3 c5 9. Be3 cxd4 10. Bxd4 Be7 11. O-O O-O 12. c3 b6 13. Ng5 h6 14. Ne4 Bb7 15.
Qe2 Qd5 16. Bxf6 Bxf6 17. Nxf6+ gxf6 18. f3 Rfd8 19. Be4 Qc5+ 20. Kh1 Bc6 21.
Qe1 f5 22. Bxc6 Qxc6 23. Qh4 Kg7 24. Rad1 Rd5 25. Rd4 Rad8 26. Qxd8 Rxd8 27.
Rxd8 Qc4 28. Ra1 Qe2 29. Rb1 Qc2 30. Rdd1 Kf6 31. Rdc1 Qd2 32. c4 a5 33. b3 Qxa2
34. f4 Qd2 35. Rf1 Qd3 36. Kg1 Qe3+ 37. Kh1 Qc5 38. Rbd1 Qe3 39. Rb1 Kg6 40. h3
f6 41. Kh2 h5 42. Rf3 Qe4 43. Rg3+ Kh6 44. Rf1 Qe2 45. Rff3 Qd2 46. Rd3 Qxf4 47.
Rd8 Kh7 48. Rd7+ Kh8 49. Rg7 h4 50. Rg8+ Kh7 51. Rg7+ Kh6 52. Rg6+ Kh5 53. Rg8
hxg3+ 54. Rxg3 e5 0-1

[Event "Women's Speed Chess Q2"]
[Site "chess.com INT"]
[Date "2020.06.19"]
[Round "3"]
[White "Miroshnik, Ekaterina"]
[Black "Cori T., Deysi"]
[Result "1-0"]
[WhiteTitle "WFM"]
[BlackTitle "WGM"]
[WhiteElo "2139"]
[BlackElo "2388"]
[WhiteFideId "34127698"]
[BlackFideId "3801934"]
[EventDate "2020.06.19"]

1. d3 d5 2. Nf3 g6 3. Nbd2 Bg7 4. e4 c6 5. Be2 e5 6. O-O Ne7 7. c3 O-O 8. Re1 a5
9. b3 Na6 10. Bb2 Re8 11. Nf1 Nc5 12. Ng3 Bg4 13. h3 dxe4 14. Nxe4 Bxf3 15. Nxc5
Bxe2 16. Qxe2 Qb6 17. Nd7 Qc7 18. Nxe5 Nf5 19. d4 a4 20. bxa4 Rxa4 21. Qc2 Rea8
22. Qb3 Nd6 23. Nd3 b6 24. Ne5 b5 25. h4 Qc8 26. h5 Bxe5 27. dxe5 Nc4 28. hxg6
hxg6 29. e6 fxe6 30. Qc2 Qe8 31. Bc1 Qf7 32. Qe4 Rxa2 33. Rxa2 Rxa2 34. f3 Qa7+
35. Kh2 Qc7+ 36. Bf4 Qh7+ 37. Kg1 Qa7+ 38. Kh2 Qh7+ 39. Kg3 Qf7 40. Qxe6 Qxe6
41. Rxe6 Kf7 42. Rxc6 Rc2 43. Rc7+ Kf6 44. Rc5 Rxc3 45. Be5+ Nxe5 46. Rxc3 b4
47. Rb3 Nc6 48. Kf4 Ke6 49. g4 Kd5 50. Ke3 Kc4 51. Rb1 b3 52. f4 Kc3 53. Rc1+
Kb4 54. Rxc6 b2 55. Rb6+ Kc3 56. Rxb2 Kxb2 57. f5 gxf5 58. gxf5 Kb3 59. f6 Kc4
60. f7 Kd5 61. f8=Q Ke6 62. Qf4 Kd5 63. Qe4+ Kc5 64. Kd3 Kb5 65. Qd4 Kc6 66. Kc3 1-0

[Event "Women's Speed Chess Q2"]
[Site "chess.com INT"]
[Date "2020.06.19"]
[Round "3"]
[White "Lesbekova, Asel"]
[Black "Mohota, Nisha"]
[Result "0-1"]
[WhiteTitle "WCM"]
[BlackTitle "IM"]
[WhiteElo "1920"]
[BlackElo "2195"]
[WhiteFideId "13713248"]
[BlackFideId "5004330"]
[EventDate "2020.06.19"]

1. e4 e5 2. Nf3 Nc6 3. d4 exd4 4. Nxd4 Nf6 5. Nxc6 bxc6 6. Qe2 Bc5 7. Bg5 O-O 8.
Nd2 Re8 9. O-O-O a5 10. e5 d6 11. f4 dxe5 12. Nb3 Qe7 13. Bxf6 gxf6 14. fxe5
fxe5 15. Qe4 Qg5+ 16. Kb1 Bd6 17. Bd3 f5 18. Qxc6 Be6 19. Bc4 Bxc4 20. Qxc4+ Kh8
21. Nc5 Rab8 22. Nd7 Rb4 23. Qf7 Qg6 24. Qf6+ Qxf6 25. Nxf6 Reb8 26. b3 a4 27.
Nd5 R4b7 28. g3 Kg7 29. Rhf1 Kg6 30. Rf3 axb3 31. cxb3 Bc5 32. Rc3 Bd6 33. Rc6
Kf7 34. Rdc1 Ke6 35. Nxc7+ Rxc7 36. Rxc7 Bxc7 37. Rxc7 e4 38. Kc2 Rd8 39. Rc3
Ke5 40. a4 Rd7 41. b4 f4 42. gxf4+ Kxf4 43. a5 e3 44. Rxe3 Kxe3 45. b5 Rd5 46.
Kb3 Rxb5+ 47. Ka4 Rb1 48. a6 Kf3 0-1

[Event "Women's Speed Chess Q2"]
[Site "chess.com INT"]
[Date "2020.06.19"]
[Round "3"]
[White "Mrudul, Dehankar"]
[Black "Alboredo, Julia"]
[Result "1/2-1/2"]
[WhiteTitle "WIM"]
[BlackTitle "WFM"]
[WhiteElo "2256"]
[BlackElo "2182"]
[WhiteFideId "25096990"]
[BlackFideId "2124807"]
[EventDate "2020.06.19"]

1. e4 c5 2. Nf3 d6 3. d4 cxd4 4. Nxd4 Nf6 5. Nc3 Nc6 6. Bg5 e6 7. Qd2 a6 8.
O-O-O Be7 9. f4 Bd7 10. Nf3 b5 11. e5 b4 12. exf6 gxf6 13. Ne4 fxg5 14. Nxd6+
Bxd6 15. Qxd6 gxf4 16. Qxf4 Qa5 17. Kb1 O-O-O 18. Bc4 e5 19. Qxf7 e4 20. Nd4 Ne5
21. Nb3 Nxf7 22. Nxa5 Ne5 23. Bxa6+ Kc7 24. Be2 Be6 25. Nb3 Bg4 26. Rde1 Rhe8
27. Rhf1 Bxe2 28. Rxe2 Ng4 29. h3 Nh6 30. Kc1 Re7 31. Nc5 e3 32. Nd3 Rd4 33. Rf3
Rde4 34. Nc5 Rc4 35. Nd3 Rce4 36. g4 Nf7 37. Nf4 Ng5 38. Rf1 Kc6 39. h4 Nf7 40.
g5 Ne5 41. Ng2 Nc4 42. Rfe1 Rg4 43. Nxe3 Rge4 44. Rf1 Nxe3 45. Rfe1 Kd5 46. c3
bxc3 47. bxc3 Kc4 48. Kd2 Nf1+ 49. Kd1 Rxe2 50. Rxe2 Rxe2 51. Kxe2 Ng3+ 52. Kf3
Nf5 53. Kf4 Ne7 54. Ke5 Ng6+ 55. Kf6 Nxh4 56. Kg7 Nf3 57. Kxh7 Nxg5+ 58. Kg6 Ne4
59. Kf5 Nxc3 60. a4 Nxa4 1/2-1/2

[Event "Women's Speed Chess Q2"]
[Site "chess.com INT"]
[Date "2020.06.19"]
[Round "3"]
[White "Khalafova, Narmin"]
[Black "Bouah, Denise"]
[Result "1-0"]
[WhiteTitle "WGM"]
[BlackTitle "WIM"]
[WhiteElo "2279"]
[BlackElo "1770"]
[WhiteFideId "13402625"]
[BlackFideId "14300818"]
[EventDate "2020.06.19"]

1. e4 c5 2. Be2 d6 3. f4 Nc6 4. Nf3 g6 5. O-O Bg7 6. d3 e6 7. c3 Nge7 8. Be3 O-O
9. d4 b6 10. Nbd2 Qc7 11. Rc1 Rb8 12. Kh1 Qd7 13. Bf2 cxd4 14. cxd4 d5 15. e5
Nf5 16. g4 Nfe7 17. Nb1 f5 18. exf6 Bxf6 19. Ne5 Nxe5 20. fxe5 Bg7 21. Bh4 Bb7
22. Nc3 Nc6 23. Qd2 a6 24. Bg5 Rf7 25. Rxf7 Qxf7 26. Rf1 Qd7 27. Bf6 Rf8 28. g5
b5 29. Bg4 b4 30. Na4 Bc8 31. Nc5 Qe8 32. Qe2 Nxd4 33. Qd3 Nf5 34. Nxa6 Bxa6 35.
Qxa6 Ne3 36. Rg1 Nxg4 37. Rxg4 Qb8 38. Qxe6+ Kh8 39. Qxd5 Qc8 40. Rc4 Qf5 41.
Qg2 Qb1+ 42. Qg1 Qxb2 43. Rh4 Qc2 44. Qg2 Qb1+ 45. Qg1 Qxa2 46. Rxb4 Qd5+ 47.
Qg2 Qd1+ 48. Qg1 Qf3+ 49. Qg2 Qf5 50. Rd4 Rc8 51. Rd1 Rc2 52. Qa8+ Rc8 53. Qd5
Qg4 54. Qd8+ Rxd8 55. Rxd8# 1-0

[Event "Women's Speed Chess Q2"]
[Site "chess.com INT"]
[Date "2020.06.19"]
[Round "3"]
[White "Kanyamarala, Trisha"]
[Black "Jannatul, Ferdous"]
[Result "1-0"]
[WhiteTitle "WIM"]
[BlackTitle "WCM"]
[WhiteElo "2193"]
[BlackElo "1844"]
[WhiteFideId "45004722"]
[BlackFideId "10212590"]
[EventDate "2020.06.19"]

1. d4 d5 2. c4 c6 3. cxd5 cxd5 4. Bf4 Nf6 5. Nc3 a6 6. e3 e6 7. Nf3 Bd6 8. Bxd6
Qxd6 9. Bd3 O-O 10. O-O Nc6 11. a3 Bd7 12. Rc1 Rac8 13. Bb1 Na5 14. Qd3 Nc4 15.
Qe2 Qb6 16. Rc2 Nd6 17. Ne5 Bb5 18. Nxb5 Qxb5 19. Qd1 Rxc2 20. Qxc2 Rc8 21. Qd2
Nfe4 22. Qd1 Qxb2 23. f3 Nc3 24. Qd3 Nxb1 25. Rxb1 Qc2 26. Qxc2 Rxc2 27. Rb6 Nc4
28. Rxb7 g6 29. Nxf7 Nd2 30. Nh6+ Kf8 31. h3 Ke8 32. Rxh7 Kd8 33. Rg7 Rc1+ 34.
Kh2 Nb1 35. Rxg6 Nxa3 36. Rxe6 Nc4 37. Rxa6 Kc7 38. Nf5 Nd2 39. Re6 Nf1+ 40. Kg1
Ng3+ 41. Kf2 Nxf5 42. Re5 Nd6 43. Rxd5 Kc6 44. Rc5+ Rxc5 45. dxc5 Kxc5 46. g4
Kd5 47. Kg3 Ke6 48. h4 Kf6 49. Kf4 Kg6 50. e4 Nc4 51. e5 Nb6 52. h5+ Kg7 53. Kf5
Nd7 54. f4 Nf8 55. g5 Nd7 56. e6 Nc5 57. Ke5 Nd3+ 58. Ke4 Nc5+ 59. Kd5 1-0

[Event "Women's Speed Chess Q2"]
[Site "chess.com INT"]
[Date "2020.06.19"]
[Round "3"]
[White "Socko, Monika"]
[Black "Vaishali, R"]
[Result "0-1"]
[WhiteTitle "GM"]
[BlackTitle "WGM"]
[WhiteElo "2428"]
[BlackElo "2393"]
[WhiteFideId "1106619"]
[BlackFideId "5091756"]
[EventDate "2020.06.19"]

1. d4 Nf6 2. c4 g6 3. Nf3 Bg7 4. g3 c5 5. d5 b5 6. cxb5 a6 7. bxa6 Bxa6 8. Bg2
d6 9. O-O Nbd7 10. h3 Nb6 11. Nc3 O-O 12. Re1 Nc4 13. Nd2 Nd7 14. Nxc4 Bxc4 15.
Qc2 Qb6 16. Bg5 h6 17. Bd2 Rfb8 18. b3 Ba6 19. Na4 Qd8 20. Bc3 Nf6 21. Nb2 Ra7
22. e4 Qf8 23. e5 dxe5 24. Bxe5 Rc8 25. Nc4 Bb7 26. Rad1 Rd8 27. d6 Bxg2 28.
Kxg2 Rdd7 29. Nb6 Rdb7 30. dxe7 Qxe7 31. Bb8 Qf8 32. Bxa7 Rxa7 33. Nc4 Qa8+ 34.
f3 Rxa2 35. Rd8+ Kh7 36. Rxa8 Rxc2+ 37. Kg1 Nh5 38. Ne3 Bd4 39. Rd8 Rb2 40. g4
Nf4 41. Rxd4 cxd4 42. Nc4 Nxh3+ 43. Kh1 Rxb3 44. Ne5 Rb7 45. Rc1 Nf4 46. Kh2 Re7
47. Rc5 g5 48. Nc4 Re2+ 49. Kg1 d3 50. Rc7 Rg2+ 51. Kh1 Rc2 52. Rxf7+ Kg8 53.
Rd7 Rxc4 54. Kg1 Rc2 55. Kf1 d2 56. Rd8+ Kf7 57. Rd7+ Ke6 58. Rd4 Rc1+ 59. Kf2
d1=Q 60. Rxd1 Rxd1 61. Ke3 Rd3+ 62. Ke4 Rd2 63. Ke3 Re2+ 64. Kd4 Nh3 65. Kd3 Ng1
66. Kd4 Nxf3+ 67. Kd3 Re5 68. Kc4 Nh2 0-1

[Event "Women's Speed Chess Q2"]
[Site "chess.com INT"]
[Date "2020.06.19"]
[Round "3"]
[White "Aakanksha, Hagawane"]
[Black "Khotenashvili, Bela"]
[Result "1-0"]
[WhiteTitle "WIM"]
[BlackTitle "GM"]
[WhiteElo "2238"]
[BlackElo "2458"]
[WhiteFideId "25014510"]
[BlackFideId "13602640"]
[EventDate "2020.06.19"]

1. e4 c6 2. Nc3 d5 3. Nf3 g6 4. d4 Bg7 5. exd5 cxd5 6. Bb5+ Nc6 7. O-O Nf6 8.
Re1 O-O 9. h3 Bf5 10. Bf4 Rc8 11. Qd2 a6 12. Bxc6 Rxc6 13. Ne5 Rc8 14. Bh6 Bxh6
15. Qxh6 Bxc2 16. Rac1 Bf5 17. Nf3 e6 18. Ng5 Re8 19. Red1 b5 20. a3 a5 21. Nxb5
Qb6 22. a4 Bc2 23. Re1 Bxa4 24. Nc3 Bd7 25. Ne2 Qxb2 26. Rxc8 Rxc8 27. Ng3 Rc1
28. Rxc1 Qxc1+ 29. Kh2 a4 30. Nh5 gxh5 31. Qxf6 Be8 32. g3 Qd2 33. Kg2 a3 34.
Qd8 Kg7 35. h4 Qxd4 36. Qxe8 Qf6 37. Qa8 Qc3 38. Qa7 Qf6 39. Qxa3 h6 40. Nf3 Qf5
41. Qc3+ Kh7 42. Nd4 Qe4+ 43. f3 Qg6 44. Qc2 Qxc2+ 45. Nxc2 Kg6 46. Kf2 Kf5 47.
Nd4+ Ke5 48. Ke3 f6 49. f4+ Kd6 50. Nf3 Kc5 51. Kd3 Kd6 52. Kd4 Kc6 53. Nd2 Kd6
54. Nf3 Kc6 55. Kd3 Kc5 56. Nd4 Kd6 57. Ke3 Ke7 58. f5 e5 59. Ne6 Kf7 60. Kd3
Ke7 61. Ng7 Kd6 62. Nxh5 e4+ 63. Kd4 Ke7 64. g4 1-0

[Event "Women's Speed Chess Q2"]
[Site "chess.com INT"]
[Date "2020.06.19"]
[Round "3"]
[White "Buksa, Nataliya"]
[Black "Dordzhieva, Dinara"]
[Result "1-0"]
[WhiteTitle "IM"]
[BlackTitle "WIM"]
[WhiteElo "2410"]
[BlackElo "2354"]
[WhiteFideId "14123622"]
[BlackFideId "24157570"]
[EventDate "2020.06.19"]

1. d4 Nf6 2. Nc3 d5 3. Bf4 a6 4. e3 e6 5. Nf3 c5 6. dxc5 Bxc5 7. Bd3 Nc6 8. O-O
Qe7 9. e4 dxe4 10. Nxe4 Nxe4 11. Bxe4 O-O 12. c3 e5 13. Bg5 f6 14. Bd2 Be6 15.
Qe2 Rfd8 16. Rfd1 Kh8 17. Be3 Bxe3 18. Rxd8+ Rxd8 19. Qxe3 Na5 20. b3 Nc6 21. h3
Qa3 22. Qe1 Qb2 23. Qc1 Qxc1+ 24. Rxc1 Bd5 25. Bxd5 Rxd5 26. Kf1 Kg8 27. Ke2 Kf7
28. Rd1 Ke6 29. Rxd5 Kxd5 30. Ke3 f5 31. g3 g6 32. Ng5 h6 33. Nf7 h5 34. Nh8 Ne7
35. Nf7 Nc6 36. f3 Ke6 37. Ng5+ Kf6 38. h4 Ne7 39. Nh3 Nd5+ 40. Kd3 Ke6 41. Nf2
Kd6 42. a3 Nf6 43. c4 Nd7 44. b4 b6 45. Nd1 Nf6 46. Ne3 e4+ 47. Ke2 exf3+ 48.
Kxf3 Ne4 49. Kf4 a5 50. Nd1 axb4 51. axb4 Nd2 52. Nb2 Ne4 53. Nd3 Ke6 54. Ne5
Kf6 55. Nd7+ Ke6 56. Nxb6 Nd2 57. c5 Nb3 58. Nc4 Nd4 59. Ke3 Nb5 60. Kf4 Kd5 61.
Ne5 Nd4 62. Nxg6 Kc4 63. Ne7 Kxb4 64. c6 Kc5 65. Nxf5 Nxc6 66. Kg5 Ne5 67. Kxh5
Kd5 68. g4 Ke6 69. Nd4+ Kf6 70. g5+ Kf7 71. Kh6 Ng4+ 72. Kh7 Ne5 73. h5 Kf8 74.
g6 Ke7 75. g7 1-0

[Event "Women's Speed Chess Q2"]
[Site "chess.com INT"]
[Date "2020.06.19"]
[Round "3"]
[White "Limontaite, Simona"]
[Black "Dwilewicz, Katarzyna"]
[Result "0-1"]
[WhiteTitle "WIM"]
[BlackTitle "WFM"]
[WhiteElo "2171"]
[BlackElo "2120"]
[WhiteFideId "12802506"]
[BlackFideId "1148486"]
[EventDate "2020.06.19"]

1. d4 Nf6 2. c4 e6 3. Nf3 d5 4. Nc3 c6 5. e3 Nbd7 6. Bd3 Bd6 7. O-O O-O 8. e4
dxe4 9. Nxe4 Nxe4 10. Bxe4 Nf6 11. Bc2 Qc7 12. Qd3 g6 13. Bg5 Nh5 14. g3 b6 15.
Rad1 Bb7 16. Rfe1 Ng7 17. Qe3 Rfe8 18. Ne5 Nf5 19. Bxf5 exf5 20. Qf4 c5 21. Bf6
cxd4 22. Rxd4 Bxe5 23. Bxe5 Qc6 24. Rd5 f6 25. Bc3 Rxe1+ 26. Bxe1 Re8 27. Bc3
Qe6 28. Rd1 Qe2 29. Rc1 Qe6 30. h4 Rc8 31. b3 Qc6 32. f3 Qc5+ 33. Bd4 Qc6 34.
Kf2 Rd8 35. Rd1 b5 36. c5 a5 37. h5 Kg7 38. h6+ Kf7 39. Rd2 Rd7 40. a3 a4 41. b4
Qd5 42. Be3 Qc6 43. Rxd7+ Qxd7 44. Qd6 Qxd6 45. cxd6 Ke6 46. Bc5 Kd7 47. Ke3 g5
48. f4 g4 49. Kd4 Be4 50. Ke3 Bc2 51. Kd4 Bb3 52. Ke3 Be6 53. Kd4 Ba2 54. Ke3
Bb1 55. Kd4 Kc6 56. Ke3 Ba2 57. Kd4 Be6 58. Ke3 Kd5 59. Kd3 Bd7 60. Ke3 Bc6 61.
Kd3 Bd7 62. Kc3 Ke4 63. Kd2 Kf3 64. Ke1 Kxg3 65. Kf1 Kxf4 66. Kf2 g3+ 67. Kg2
Bc6+ 68. Kg1 Kg4 69. Bd4 f4 70. Bxf6 f3 71. Bd4 f2+ 72. Bxf2 gxf2+ 73. Kxf2 Kf5
74. Ke3 Ke6 75. Kf4 Kxd6 76. Kf5 Kd7 77. Kf6 Be4 78. Ke5 Bg6 79. Kd5 Bf7+ 80.
Kc5 Bc4 81. Kd4 Ke6 82. Ke4 Kf6 0-1